01756nam a2200385 a 4500001000700000003000800007005001700015006001900032007001500051008004100066024001000107035002300117035002400140035002500164035002100189040002600210050002200236080000800258082001400266100003300280245015600313260004900469300001100518500010200529520023800631533016400869650006701033650005601100650003901156650003701195655002701232700003001259710001901289856006201308117877FlNmELB20241217174924.0m o d | cr cn|||||||||201201r2012 cu |||||s|||||||||||spa d8 zTesis a(MiAaPQ)EBC3200968 a(Au-PeEL)EBL3200968 a(CaPaEBR)ebr10584257 a(OCoLC)929370120 aFlNmELBbspacFlNmELB 4aSB107bP2815 2012 a58004a581.62221 aPascual Rodríguez, Rebeca.10aSistema de formación ambiental para los profesores de educación superior de la cultura físicah[recurso electronico]cRebeca Pascual Rodríguez. aLa Habana :bEditorial Universitaria,c2012. a158 p. aTesis (doctorado) - Universidad de Ciencias de la Cultura Física y el Deporte "Manuel Fajardo". aSe trata deconcebir un Sistema de Formación Ambiental que posibilitara la incorporación de la dimensión ambiental al proceso docente-educativo desde la perspectiva de la sostenibilidad como estrategia para el desarrollo humano. aRecurso electrónico. Santa Fe, Arg.: e-libro, 2015. Disponible vía World Wide Web. El acceso puede estar limitado para las bibliotecas afiliadas a e-libro. 4aNaturaleza.xConservación y protección del medio ambiente. 4aNature.xEnvironmental conservation and protection. 4aDeportes y Recreación.xGeneral. 4aSports and Recreation.xGeneral. 4aLibros electrónicos.1 aMesa Anoceto, Magda.4drt2 ae-libro, Corp.40uhttps://elibro.net/ereader/politecnicointernacional/90459